[Event "zt 2.4"]
[Site "Sao Paulo BRA"]
[Date "2000.06.10"]
[Round "6"]
[White "Ramos,Er"]
[Black "Oblitas,C"]
[Result "1/2-1/2"]
[WhiteElo "2280"]
[BlackElo "2389"]

1.d4 d5 2.c4 dxc4 3.e4 c5 4.d5 Nf6 5.Nc3 b5 6.e5 b4 7.exf6 bxc3 8.bxc3 exf6
9.Bxc4 Bd6 10.Qe2+ Kf8 11.Nf3 Bg4 12.Qe4 f5 13.Qd3 Nd7 14.O-O Bxf3 15.gxf3 Ne5
16.Qe2 Qh4 17.f4 Ng6 18.Qf3 Nxf4 19.Bxf4 Bxf4 20.h3 Bd6 21.Bd3 g6 22.Kh1 Rb8
23.Rab1 Kg7 24.Rg1 Rxb1 25.Rxb1 Rb8 26.Rxb8 Bxb8 27.Qe3 Bd6 28.Kg2 Qf6 29.Bc2 Qh4
30.Bd3 h5 31.Bb5 Qf6 32.Be2 f4 33.Qd3 Be5 34.c4 Bd6 35.Bf3 Qb2 36.Qe2 Qxe2
37.Bxe2 f5 38.Bd1 Kf6 39.h4 Be7 40.Ba4 g5 41.hxg5+ Kxg5 42.Bd1 h4 43.Kh3 f3
44.Bxf3 Kf4 45.d6 Bxd6 46.Bc6 Be7 47.a4 a5 48.Kg2 Ke5 49.f3 Kd4 50.Bb5 Kd3
51.Ba6 Ke3 52.Bb7 Bg5 53.Bc6  1/2-1/2

[Event "zt 1.5"]
[Site "Yerevan ARM"]
[Date "2000.06.12"]
[Round "6"]
[White "Ilincic,Z"]
[Black "Izoria,Z"]
[Result "1-0"]
[WhiteElo "2554"]
[BlackElo "2372"]

1.d4 d5 2.c4 dxc4 3.e4 Nf6 4.e5 Nd5 5.Bxc4 Nb6 6.Bb3 Nc6 7.Ne2 Bf5 8.Nbc3 e6
9.a3 Qd7 10.O-O O-O-O 11.Be3 h5 12.Qc1 f6 13.Rd1 Qf7 14.Ng3 fxe5 15.dxe5 Rxd1+
16.Qxd1 Nxe5 17.Nb5 Nc6 18.Rc1 Qd7 19.Nxf5 exf5 20.Bf4 Bd6 21.Nxd6+ cxd6
22.Qxd6 Qxd6 23.Bxd6 Re8 24.Bf7 Re2 25.Bxh5 Rxb2 26.Be5 Ra2 27.Bxg7 Kd7 28.Rd1+ Ke6
29.Re1+ Kd7 30.Be8+ Kc7 31.h4  1-0

[Event "FSGM June"]
[Site "Budapest HUN"]
[Date "2000.06.14"]
[Round "12"]
[White "Markus,R"]
[Black "Postny,E"]
[Result "1/2-1/2"]
[WhiteElo "2436"]
[BlackElo "2424"]

1.d4 d5 2.c4 dxc4 3.e4 Nf6 4.e5 Nd5 5.Bxc4 Nb6 6.Bb3 Nc6 7.Be3 Bf5 8.Nc3 e6
9.a3 Qd7 10.Nge2 Be7 11.Rc1  1/2-1/2

[Event "XVIII Open"]
[Site "Andorra AND"]
[Date "2000.07.02"]
[Round "9"]
[White "Pogorelov,R"]
[Black "Mellado Trivino,J"]
[Result "1/2-1/2"]
[WhiteElo "2455"]
[BlackElo "2493"]

1.d4 d5 2.c4 dxc4 3.e4 Nf6 4.e5 Nd5 5.Bxc4 Nb6 6.Bb3 Bf5 7.Nc3 e6 8.Nge2 Be7
9.O-O O-O 10.Be3 Na6 11.Ng3 Bg6 12.d5 exd5 13.f4 d4 14.Bxd4 c5 15.Be3 Bd3
16.Rf2 c4 17.Bc2 Nb4 18.Bxd3 Nxd3 19.Rc2 Nd5 20.Nxd5 Qxd5 21.Qf3 Qxf3 22.gxf3 Rfc8
23.a4 Bc5 24.Bxc5 Rxc5 25.Ne4 Rc6 26.Nd6 Nxf4 27.Rxc4 Rxc4 28.Nxc4 Rd8 29.Nd6 Rd7
30.Ra3 Ng6 31.Rc3 h5 32.Nc4 Rc7 33.Kf2 Rc5 34.Nd6 Rxc3 35.bxc3 b6 36.Nc4 Kf8
37.Ke3 Ke7 38.Ke4 Ke6 39.f4 Ne7 40.Ne3 f5+ 41.exf6 gxf6 42.f5+ Kd6 43.h4 Kc5
44.Nf1 Nd5 45.Ng3 Nxc3+ 46.Kd3 Nxa4 47.Nxh5 Kd6 48.Nxf6 Ke5 49.Nd7+ Kxf5
50.Kc4 a5 51.Kb5 Nc3+ 52.Kc4 Na4 53.Kb5 Nc3+ 54.Kc4 Na4  1/2-1/2

[Event "29th ch-GRE Team"]
[Site "Athens GRE"]
[Date "2000.07.08"]
[Round "3"]
[White "Maris,I"]
[Black "Metaxas,P"]
[Result "1-0"]
[WhiteElo "2139"]
[BlackElo "2203"]

1.d4 d5 2.c4 dxc4 3.e4 e5 4.Nf3 exd4 5.Bxc4 Bb4+ 6.Bd2 Bxd2+ 7.Nbxd2 Nc6
8.O-O a6 9.b4 Qe7 10.b5 axb5 11.Bxb5 Bd7 12.Bxc6 Bxc6 13.Nxd4 Ba4 14.Qb1 O-O-O
15.Nf5 Qf6 16.Nc4 Ne7 17.Qb4 Nxf5 18.Qxa4 Nd4 19.Qa8+ Kd7 20.Qxb7 Qe6 21.Ne3 Rb8
22.Qa7 Ne2+ 23.Kh1 Ra8 24.Rfd1+ Kc6 25.Rac1+ Nxc1 26.Rxc1+ Kb5 27.Rc5+ Kb4
28.Nc2+  1-0

[Event "Staffordshire IM"]
[Site "Lichfield ENG"]
[Date "2000.07.14"]
[Round "9"]
[White "Beaumont,C"]
[Black "Cooper,L"]
[Result "1/2-1/2"]
[WhiteElo "2290"]
[BlackElo "2338"]

1.d4 d5 2.c4 dxc4 3.e4 Nf6 4.Nc3 e6 5.Bxc4 c5 6.d5 exd5 7.exd5 Bd6 8.Nf3 O-O
9.O-O Bg4 10.Bg5 Nbd7  1/2-1/2

[Event "ch-Paris"]
[Site "Paris FRA"]
[Date "2000.07.17"]
[Round "3"]
[White "Nguyen Chi Minh"]
[Black "Lupu,MS"]
[Result "0-1"]
[WhiteElo "2237"]
[BlackElo "2443"]

1.d4 d5 2.c4 dxc4 3.e4 Nf6 4.Nc3 e5 5.Nf3 exd4 6.Qxd4 Qxd4 7.Nxd4 c6 8.Bxc4 Bc5
9.Nb3 Bb4 10.f3 Nbd7 11.Bf4 Nb6 12.Nd2 Nxc4 13.Nxc4 Be6 14.Nd6+ Ke7 15.Nxb7 Rhb8
16.Nd6 Bxd6 17.e5 Bxe5 18.Bxe5 Rb7 19.O-O-O Nd5 20.Nxd5+ Bxd5 21.Rhe1 f6
22.Bc3+ Kf7 23.a3 h5 24.Rd2 Rd8 25.g4 Rbd7 26.g5 fxg5 27.Rg1 Bxf3 28.Rxg5 Rxd2
29.Bxd2 g6 30.Ra5 Rd7 31.Be3 Rd1+ 32.Kc2 Rh1 33.Rxa7+ Kf6 34.Bd4+ Ke6 35.Kc3 Rxh2
36.a4 g5 37.a5 Rh1 38.Rg7 g4 39.a6 Rc1+ 40.Kb4 Ra1 41.a7 c5+ 42.Bxc5 h4 43.Bf2 h3
44.Bg3 Ra2 45.b3 h2 46.Bxh2 Rxh2 47.Rxg4 Ra2 48.Rg7 Bd5 49.Rg6+ Ke5 50.Rg5+ Kd6
51.Kb5 Rxa7 52.b4 Rb7+ 53.Ka5 Bc6 54.b5 Bd5 55.Kb4 Rh7 56.Rg6+ Kc7 57.Ka5 Kb7
58.Rg5 Rd7 59.Rg6 Be4 60.Re6 Bg2 61.Rg6 Bd5 62.Rf6 Rd8 63.Rg6  0-1

[Event "Open"]
[Site "Dieren NED"]
[Date "2000.07.22"]
[Round "5"]
[White "Ernst,S"]
[Black "Zilberman,Y"]
[Result "1/2-1/2"]
[WhiteElo "2373"]
[BlackElo "2488"]

1.d4 d5 2.c4 dxc4 3.e4 e5 4.Nf3 Nf6 5.Bxc4 Nxe4 6.Nxe5 Nd6 7.Bb3 Be7 8.Nc3 O-O
9.O-O Nd7 10.Qf3 Nf6 11.Bc2 c6 12.Re1 Be6 13.Bg5 Re8 14.Rad1 Qa5 15.Qg3 Rad8
16.Bh6 Bf8 17.Bg5 Be7  1/2-1/2

[Event "Open"]
[Site "Dieren NED"]
[Date "2000.07.22"]
[Round "5"]
[White "Van Beek,L"]
[Black "Afek,Y"]
[Result "1/2-1/2"]
[WhiteElo "2416"]
[BlackElo "2330"]

1.d4 d5 2.c4 dxc4 3.e4 c5 4.d5 e6 5.Bxc4 Nf6 6.Nc3 exd5 7.Nxd5 Nxd5 8.Bxd5 Be7
9.Nf3 O-O 10.O-O Na6 11.Qe2 Nc7 12.Bb3 Be6 13.Rd1 Qc8 14.Bf4 Bxb3 15.axb3 Ne6
16.Bd6 Re8 17.Qe3 b6 18.Bxe7 Rxe7 19.Rd6 Qc7 20.e5 Rae8 21.h3 Nf8 22.Qd2 Ng6
23.Re1 Qc8 24.Qd3 f6 25.Re3 Nxe5 26.Nxe5 fxe5 27.Re4 Qf5 28.Qe2 h6 29.f4 Qf7
30.Rxe5 Rxe5 31.fxe5 Re6 32.Rd8+ Kh7 33.Rd3 Qf4 34.Re3 Kh8 35.Re4 Qg5 36.Re3 Qd8
37.Rd3 Qe7 38.Re3 Qd7 39.Qf3 Qd4 40.Qf8+ Kh7 41.Qf5+ Rg6 42.Qf2 Kg8 43.Kh1 Re6
44.Qe2 Kf8 45.Qf3+ Ke7 46.Qb7+ Qd7 47.Qe4 Qd4 48.Qb7+ Qd7  1/2-1/2

[Event "WIPRO GM"]
[Site "Hyderabad IND"]
[Date "2000.07.24"]
[Round "9"]
[White "Ionov,S"]
[Black "Ganguly,S"]
[Result "1/2-1/2"]
[WhiteElo "2542"]
[BlackElo "2498"]

1.d4 d5 2.c4 dxc4 3.e4 Nf6 4.e5 Nd5 5.Bxc4 Nb6 6.Bd3 Nc6 7.Ne2 Bg4 8.f3 Be6
9.Nbc3 g6 10.Be4 Nd5 11.Qb3 Na5 12.Qa4+ Nc6 13.Nf4 Nxf4 14.Bxf4 Bd7 15.Qc4 e6
16.O-O Bg7 17.Rad1 O-O 18.Rfe1 Qe7 19.a3 Rac8 20.Bb1 f6 21.exf6 Qxf6 22.Bg3 Kh8
23.Ne4 Qe7 24.Nc5 b5 25.Qxb5 Nxd4 26.Qxd7 Qxc5 27.Bf2 Rcd8 28.Qa4 e5 29.Be4 Qb6
30.b4 c5 31.Rc1 cxb4 32.Qxb4 Qxb4 33.axb4 Rc8 34.Kf1 Bh6 35.Rc5 Rxc5 36.bxc5 Rc8
37.Bxd4 exd4 38.c6 Bf4 39.g3 Bc7 40.Ke2 Bb6 41.Kd3 Kg7 42.Rb1 Kf6 43.Rb5 Ke7
44.f4 Kd6 45.h4 Bc5 46.Kc4 Bb6 47.Kd3 Bc5 48.Rb7 Rc7 49.Kc4 Bb6 50.g4 Re7
51.Bd5 Rc7 52.Bf3 Re7 53.g5 Ke6 54.Bg4+ Kd6 55.Rxe7 Kxe7 56.f5 gxf5 57.Bxf5 h6
58.g6 h5 59.Kb5 Kf6 60.Ka6 Kg7 61.Kb7 Kf6 62.Bc2 Kg7 63.Bb1 Kf6 64.c7 Bxc7
65.Kxc7 a5 66.Kd6 a4 67.Kd5 a3 68.Kxd4 a2 69.Bxa2 Kxg6 70.Ke5 Kg7 71.Kf5 Kh8
72.Kg6  1/2-1/2

[Event "KB Czech Open"]
[Site "Pardubice CZE"]
[Date "2000.07.26"]
[Round "6"]
[White "Schenk,Andreas"]
[Black "Almasi,I"]
[Result "1-0"]
[WhiteElo "2325"]
[BlackElo "2429"]

1.d4 d5 2.c4 dxc4 3.e4 e5 4.Nf3 exd4 5.Bxc4 Nc6 6.O-O Be6 7.Bxe6 fxe6 8.Qb3 Qd7
9.Qxb7 Rb8 10.Qa6 Bd6 11.Nbd2 Nge7 12.a3 O-O 13.b4 Ng6 14.Bb2 Nce5 15.Nxe5 Bxe5
16.Nb3 Nf4 17.Rae1 Rb6 18.Qc4 Qf7 19.f3 Qg6 20.g3 Nh5 21.Re2 Nf4 22.Rd2 Nh3+
23.Kh1 Ng5 24.Qd3 Rd6 25.Nc5 Qh6 26.Rg2 Nh3 27.f4 Qf6 28.Rd2 Bxf4 29.gxf4 Nxf4
30.Qb3 Kh8 31.Rdf2 e5 32.Bc1 g5 33.Bxf4 gxf4 34.Rg1 Qe7 35.Rfg2 Rfd8 36.Qf3 Qf7
37.Nd3  1-0

[Event "Continental Open"]
[Site "Los Angeles USA"]
[Date "2000.07.29"]
[Round "7"]
[White "Miton,K"]
[Black "Sadvakasov,D"]
[Result "1/2-1/2"]
[WhiteElo "2443"]
[BlackElo "2509"]

1.d4 d5 2.c4 dxc4 3.e4 Nf6 4.e5 Nd5 5.Bxc4 Nb6 6.Bd3 Nc6 7.Be3 Nb4 8.Be4 f5
9.exf6 exf6 10.a3 f5 11.axb4 fxe4 12.Nc3 Be6 13.Nh3 Bd6 14.Ng5 Bc4 15.Qg4 Bxb4
16.Nxh7 Qd7 17.Qg6+ Kd8 18.Ng5 Re8 19.Nxe4 Nd5 20.Kd2 c5 21.Kc1 Nxe3 22.fxe3 cxd4
23.exd4 Bd3 24.Qg5+ Be7 25.Qa5+ Kc8 26.Rd1 b6 27.Qa4 Bxe4 28.Qxd7+ Kxd7 29.Nxe4 Bb4
30.Nc3 a5 31.Kd2 Bd6 32.g3 Rh8 33.Rh1 Rh3 34.Raf1 g5 35.Ne4 Be7 36.Kd3 a4
37.Ra1 b5 38.Nf2 Rh6 39.Ng4 Rha6 40.Rhc1 b4 41.Ne5+ Ke8 42.Rc6 a3 43.Rxa6 Rxa6
44.bxa3 bxa3 45.Nc4 Kd7 46.Kc3  1/2-1/2

[Event "TCh-ESP"]
[Site "Barcelona ESP"]
[Date "2000.08.09"]
[Round "5"]
[White "Granero Roca,A"]
[Black "Mateu Palau,E"]
[Result "1-0"]
[WhiteElo "2405"]
[BlackElo "2191"]

1.d4 d5 2.c4 dxc4 3.e4 e5 4.Nf3 exd4 5.Bxc4 Nc6 6.Qb3 Bb4+ 7.Nbd2 Qe7 8.O-O Be6
9.a3 Bxc4 10.Nxc4 b5 11.axb4 bxc4 12.Qa4 Qd7 13.b5 Nd8 14.Ne5 Qe6 15.b6+ Kf8
16.Qb4+ Ne7 17.Rxa7 Rc8 18.Rxc7 f6 19.b7 Rxc7 20.b8=Q Rc8 21.Q8d6 Qxe5 22.Qxe5 fxe5
23.f4 exf4 24.Bxf4 Ke8 25.Bd6 Ndc6 26.Qxc4 Rf8 27.Rxf8+ Kxf8 28.b4 Ke8 29.h3 Ne5
30.Qxd4  1-0

[Event "4th Open"]
[Site "Genova ITA"]
[Date "2000.08.09"]
[Round "3"]
[White "Ausmins,E"]
[Black "Mollero,M"]
[Result "0-1"]
[WhiteElo "2324"]
[BlackElo "2101"]

1.d4 d5 2.c4 dxc4 3.e4 Nf6 4.e5 Nd5 5.Bxc4 Nb6 6.Bb3 Nc6 7.Nf3 Bg4 8.O-O e6
9.Be3 Be7 10.Nbd2 O-O 11.h3 Bf5 12.Bc2 Bxc2 13.Qxc2 Qd5 14.a3 f5 15.exf6 Rxf6
16.Qe4 Rg6 17.Qxd5 exd5 18.Rfc1 Bd6 19.b4 Re8 20.Ne1 Ne7 21.Nc2 Nf5 22.a4 Nh4
23.g3 Nf5 24.a5 Nc4 25.Nxc4 dxc4 26.Ra3 Nxe3 27.Rxe3 Rxe3 28.Nxe3 Bxb4 29.Nd5 Bd6
30.Rxc4 Rg5 31.Nxc7 Rxa5 32.Ne8 Bf8 33.Rc7 Rd5 34.Rxb7 a5 35.Rb8 Rd7 36.Rc8 Rxd4
37.Ra8 Rd7 38.Rc8 a4 39.Kg2 Kf7 40.Nc7 a3 41.Nb5 Rb7 42.Rxf8+ Kxf8 43.Nxa3 Rb2
44.Nc4 Ra2 45.Ne5 Ke7 46.h4 h5 47.Nd3 g6 48.Kf3 Kf6 49.Nc5 Kf5 50.Nd3 Ra3
51.Ke2 Ke4 52.Nc5+ Kd4 53.Ne6+ Ke5 54.Nf4 Kf5 55.Nd3 Rb3 56.Ke3 Kg4 57.Ke2 Rxd3
58.Kxd3 Kf3 59.g4 hxg4  0-1

[Event "TCh-ESP"]
[Site "Barcelona ESP"]
[Date "2000.08.10"]
[Round "6"]
[White "Pinero Fernandez,X"]
[Black "Riquelme Valero,M"]
[Result "1/2-1/2"]
[WhiteElo "2255"]
[BlackElo "2190"]

1.d4 d5 2.c4 dxc4 3.e4 Nf6 4.Nc3 e5 5.d5 c6 6.Bxc4 Bb4 7.Bg5 Bxc3+ 8.bxc3 Qa5
9.Rc1 Nxe4 10.Nf3 Qc5 11.Qd3 Qxf2+ 12.Kd1 Nxg5 13.Rc2 Qb6 14.Nxg5 Qb1+ 15.Kd2 Qxh1
16.Qg3 O-O 17.d6 b5 18.Bd3 f5 19.Rc1 Qxc1+ 20.Kxc1 h6 21.Bxb5 cxb5 22.Qxe5 Nc6
23.Qd5+ Kh8 24.Qxc6 Rb8 25.Nf7+ Kh7 26.d7 Bxd7 27.Qxd7 Rb6 28.Qxf5+ Kg8 29.Nxh6+ gxh6
30.Qg4+ Kh8 31.Qd7 Rfb8 32.Qxa7 R8b7 33.Qa8+ Kg7 34.a3 Kf6 35.Qd8+ Ke6 36.Kb2 Rb8
37.Qc7 R8b7 38.Qc8+ Kd6 39.g4 Rb8 40.Qf5 Kc7 41.Qh7+ Kc8 42.h4 Rc6 43.Kb3 Rb7
44.Qh8+ Kc7 45.Qe5+ Kc8 46.g5 hxg5 47.hxg5 Rbb6 48.Kb4 Kb7 49.Ka5 Rg6 50.Qe7+ Kb8
51.Kb4 Rgc6 52.Kb3 Rd6 53.Kc2 Re6 54.Qd8+ Kb7 55.a4 Rbd6 56.Qa5 bxa4 57.Qxa4 Re2+
58.Kc1 Re1+ 59.Kc2  1/2-1/2

[Event "TCh-ESP"]
[Site "Barcelona ESP"]
[Date "2000.08.11"]
[Round "7"]
[White "Herraiz Lopez,H"]
[Black "Mellado Trivino,J"]
[Result "1/2-1/2"]
[WhiteElo "2415"]
[BlackElo "2463"]

1.d4 d5 2.c4 dxc4 3.e4 Nf6 4.Nc3 e5 5.d5 b5 6.Nxb5 Nxe4 7.Qa4 c6 8.dxc6 Nxc6
9.Nc3 Nxc3 10.bxc3 Bd7 11.Bxc4 Be7 12.Bb5 Qa5 13.Ne2 Qxa4 14.Bxa4 Na5 15.Bxd7+ Kxd7
16.O-O Nc4 17.Ng3 g6 18.Rd1+ Kc6 19.Kf1 Rhd8 20.Ke2 Rxd1 21.Kxd1 f5 22.Rb1 e4
23.Ne2 Bc5 24.Nd4+ Bxd4 25.cxd4 Rd8 26.Be3 a5 27.Rb3 Nb6 28.Rc3+ Kb7 29.Rc5 Rd5
30.Kc2 Rxc5+ 31.dxc5 Nd5 32.Kb3 Kc6 33.Kc4 Nb4 34.a3 Nc2 35.a4 Ne1 36.g3 Nf3
37.h4 Ne5+ 38.Kd4 Nf3+ 39.Kc4 Ne5+ 40.Kd4 Nd3 41.Kc4 h6 42.Bd4 h5 43.Be3 Ne5+
44.Kd4 Nf3+ 45.Kc4 Ne5+ 46.Kd4 Nf3+ 47.Kc4  1/2-1/2

[Event "FSGM August"]
[Site "Budapest HUN"]
[Date "2000.08.12"]
[Round "8"]
[White "Hoang Thanh Trang"]
[Black "Varga,Zo"]
[Result "1/2-1/2"]
[WhiteElo "2489"]
[BlackElo "2541"]

1.d4 d5 2.c4 dxc4 3.e4 c5 4.d5 Nf6 5.Nc3 b5 6.Bf4 Ba6 7.e5 b4 8.Qa4+ Qd7
9.e6 Qxa4 10.Nxa4 Nxd5 11.exf7+ Kxf7 12.Nxc5 Bb5 13.Bg3 e6 14.Ne4 Nd7 15.Nf3 h6
16.Rc1 Rc8 17.Ned2 N5b6 18.b3 Be7 19.bxc4 Bc6 20.Be2 Bf6 21.O-O Na4 22.Rfe1 Nc3
23.Bd6 Nxa2 24.Rc2 Nc3 25.Bxb4 Nxe2+ 26.Rxe2 Rhd8 27.h3 Rb8 28.Bd6 Rb7 29.Ne4 Rb1+
30.Kh2 Rd1 31.Bc7 Bxe4 32.Rxe4 Rc8 33.Be5 Nxe5 34.Nxe5+ Ke7 35.Ra2 Bxe5+
36.Rxe5 Rc7 37.Rea5 Rdd7 38.c5 Kf6 39.h4 g6 40.Kg3 h5 41.f3 Rd5 42.Rc2 Kf5
43.Kf2 Kf6 44.Ke3 Kf5 45.Rc4 Kf6 46.g4 hxg4 47.fxg4 Ke7 48.Ke4 Kf6 49.Ke3 Ke7  1/2-1/2

[Event "Open"]
[Site "Abudhabi UAE"]
[Date "2000.08.29"]
[Round "4"]
[White "Safin,S"]
[Black "Mirzoev,A"]
[Result "1/2-1/2"]
[WhiteElo "2518"]
[BlackElo "2414"]

1.d4 d5 2.c4 dxc4 3.e4 Nf6 4.e5 Nd5 5.Bxc4 Nb6 6.Bd3 Nc6 7.Ne2 Bg4 8.f3 Bh5
9.Nbc3 e6 10.Be3 Bg6 11.Bb5 Be7 12.O-O O-O 13.Bxc6 bxc6 14.Bf2 c5  1/2-1/2

[Event "Open"]
[Site "Abudhabi UAE"]
[Date "2000.09.03"]
[Round "8"]
[White "Ghorbani,M"]
[Black "Alavi,S"]
[Result "0-1"]
[WhiteElo "2351"]
[BlackElo "2263"]

1.d4 d5 2.c4 dxc4 3.e4 e5 4.Nf3 exd4 5.Bxc4 Nc6 6.O-O h6 7.Nbd2 Bc5 8.Bb5 Ne7
9.Nb3 Bb6 10.Nbxd4 Bd7 11.Nc2 O-O 12.Ne3 a6 13.Bc4 Ng6 14.Nd5 Bc5 15.Be3 Bxe3
16.Nxe3 Qe7 17.Re1 Rad8 18.Bd5 Nf4 19.Qc2 Qf6 20.e5 Nxe5 21.Nxe5 Qxe5 22.Bxb7 Rb8
23.Nd5 Nh3+ 24.Kh1 Qd4 25.gxh3 Rxb7 26.Rad1 Qa4 27.Qxa4 Bxa4 28.Ne7+ Kh7
29.b3 Bb5 30.Re3 c5 31.Nf5 c4 32.Kg1 cxb3 33.axb3 g6 34.Ne7 Re8 35.Nd5 Rxe3
36.Nxe3 Bd7 37.Kg2 Bc6+ 38.Kg3 Rxb3 39.Rd6 Bb5 40.Rd8 a5 41.Ra8 a4 42.h4 h5
43.Ra5 Kg7 44.Kf4 Rb4+ 45.Kg3 Bd7 46.f3 Rb3 47.Nc4 Kf8 48.Ra7 Bc6 49.Ne5 Be8
50.Nc4 Bc6 51.Ne5 Be8 52.Nc4 Rb4 53.Nd6 Rd4 54.Ne4 Bc6 55.Ng5 Bd5 56.Ra5 f6
57.Ne4 Bxe4 58.fxe4 Rxe4 59.Ra8+ Kg7 60.Ra7+ Kh6 61.Ra6 f5 62.Ra7 Re3+ 63.Kf2 Re4
64.Kg3 Rb4 65.Rf7 Rb3+ 66.Kg2 a3 67.Rd7 Rb4 68.Ra7 Rxh4 69.Rxa3 Kg5 70.Ra6 Rb4
71.Kh3 Rb3+ 72.Kg2 h4 73.Kf2 h3 74.Re6 Kh5 75.Rf6 Ra3 76.Kf1 Ra2 77.Kg1 Rb2
78.Ra6 g5 79.Ra8 Kg4 80.Ra1 f4 81.Rc1 Kf3 82.Rc3+ Ke2 83.Rc1 Rd2 84.Rf1 Rd1
85.Rxd1 Kxd1 86.Kf2 g4 87.Kg1 g3 88.Kh1 Ke2 89.Kg1 f3  0-1

[Event "Open"]
[Site "Abudhabi UAE"]
[Date "2000.09.03"]
[Round "8"]
[White "Matveeva,S"]
[Black "Mirzoev,A"]
[Result "1-0"]
[WhiteElo "2440"]
[BlackElo "2414"]

1.d4 d5 2.c4 dxc4 3.e4 Nf6 4.e5 Nd5 5.Bxc4 Nb6 6.Bd3 Nc6 7.Ne2 Bg4 8.f3 Bh5
9.Nbc3 e6 10.a3 Bg6 11.Be4 Be7 12.O-O O-O 13.Be3 Qd7 14.Qc2 Bxe4 15.fxe4 f6
16.exf6 Rxf6 17.Rxf6 Bxf6 18.Rd1 Rf8 19.d5 exd5 20.Bxb6 axb6 21.Nxd5 Qf7
22.Nxf6+ Qxf6 23.Ng3 g6 24.h3 Rf7 25.Rd5 Ne5 26.Qc3 Re7 27.Rd8+ Kg7 28.Rb8 c6
29.Rd8 b5 30.Qd4 h5 31.Nf1 Kh7 32.Nd2 Qf4 33.Kh1 g5 34.Qd6 Ng6 35.Nf3 g4
36.Qxf4 Nxf4 37.Ng5+ Kg6 38.h4 Kf6 39.Rf8+ Ke5 40.Rf5+  1-0

[Event "Open"]
[Site "Cesenatico ITA"]
[Date "2000.09.09"]
[Round "8"]
[White "Cadelli,L"]
[Black "Wittstock,B"]
[Result "0-1"]
[WhiteElo "2113"]
[BlackElo "2123"]

1.d4 d5 2.c4 dxc4 3.e4 Nf6 4.Nc3 e5 5.d5 c6 6.Bxc4 b5 7.Bd3 b4 8.Nce2 cxd5
9.exd5 Qxd5 10.Qc2 Be6 11.f3 Nbd7 12.Be3 Qa5 13.b3 Bc5 14.Bxc5 Nxc5 15.Ng3 Bxb3  0-1

[Event "Najdorf Final KO"]
[Site "Buenos Aires ARG"]
[Date "2000.09.14"]
[Round "3.2"]
[White "Ricardi,P"]
[Black "Spangenberg,H"]
[Result "1/2-1/2"]
[WhiteElo "2488"]
[BlackElo "2542"]

1.d4 d5 2.c4 dxc4 3.e4 c5 4.d5 Nf6 5.Nc3 e6 6.Nf3 exd5 7.e5 Nfd7 8.Bg5 Be7
9.Bxe7 Qxe7 10.Nxd5 Qd8 11.Bxc4 Nc6 12.O-O Nb6 13.Nxb6 axb6 14.h3 Qxd1 15.Rfxd1 Be6
16.Bxe6 fxe6 17.a3 Ke7 18.Rd3  1/2-1/2

[Event "It"]
[Site "Herzeliya ISR"]
[Date "2000.09.14"]
[Round "9"]
[White "Wells,P"]
[Black "Zifroni,D"]
[Result "1/2-1/2"]
[WhiteElo "2506"]
[BlackElo "2527"]

1.d4 d5 2.c4 dxc4 3.e4 Nf6 4.e5 Nd5 5.Bxc4 Nc6 6.Nc3 Nb6 7.Bb5 Bd7 8.Nf3 e6
9.a3 Ne7 10.Bd3 Bc6 11.O-O Qd7 12.b4 O-O-O 13.b5 Bxf3  1/2-1/2

[Event "World Seniors"]
[Site "Rowy POL"]
[Date "2000.09.21"]
[Round "9"]
[White "Brameyer,H"]
[Black "Schober,M"]
[Result "1-0"]
[WhiteElo "2271"]
[BlackElo "2130"]

1.d4 d5 2.c4 dxc4 3.e4 e5 4.Nf3 exd4 5.Bxc4 Bb4+ 6.Bd2 Bxd2+ 7.Nbxd2 Nc6
8.O-O Nf6 9.e5 Nd5 10.Nb3 O-O 11.Nbxd4 Bg4 12.Nxc6 bxc6 13.h3 Be6 14.Rc1 Qe7
15.Re1 Rfd8 16.Qe2 a5 17.Qe4 Rab8 18.b3 g6 19.Nd4 Qd7 20.Qh4 a4 21.Nxe6 fxe6
22.bxa4 Rb4 23.Re4 Rb2 24.Qg3 Rf8 25.Re2 Rb4 26.Bb3 Nf4 27.Ree1 Rd4 28.Qe3 c5
29.Rxc5 Rd3 30.Qe4 Qe7 31.Rc6 Qg5 32.Bxe6+ Kh8 33.Bg4 Rxh3 34.Bxh3 Nxh3+
35.Kh2 Nxf2 36.Qb4 Ng4+ 37.Kg1 Qh6  1-0

[Event "EuYCh B12"]
[Site "Halkidiki GRE"]
[Date "2000.10.06"]
[Round "5"]
[White "Braun,A"]
[Black "Vass,V"]
[Result "1-0"]
[WhiteElo "2139"]
[BlackElo "2116"]

1.d4 d5 2.c4 dxc4 3.e4 e5 4.Nf3 exd4 5.Qxd4 Qxd4 6.Nxd4 Bc5 7.Be3 a6 8.Bxc4 Nf6
9.Nd2 O-O 10.Rc1 Bb6 11.f3 Re8 12.Kf2 Nbd7 13.Rhd1 Ne5 14.Be2 Bd7 15.Nc4 Nxc4
16.Bxc4 Rad8 17.Bb3 h6 18.Rc3 c6 19.Rcd3 Bc7 20.Ne2 Bc8 21.g3 Nd7 22.Nc3 Ne5
23.Rxd8 Bxd8 24.Kg2 Ba5 25.Na4 Be6 26.Bxe6 Rxe6 27.b3 Re7 28.Bb6 Bxb6 29.Nxb6 Kf8
30.f4 Ng6 31.Rd8+ Re8 32.Nd7+ Ke7 33.Rxe8+ Kxe8 34.Nc5 b6 35.Nxa6 Kd7 36.Nb4 Kd6
37.Nd3 c5 38.Kf3 b5 39.Ke3 Ne7 40.Kd2 Nc6 41.Kc3 g6 42.a3 f5 43.e5+ Kd5 44.b4 c4
45.Ne1 Nd4 46.Nc2 Ne6 47.a4 bxa4 48.Ne3+ Kc6 49.Kxc4 Nc7 50.Nc2 Kb6 51.Nd4 Kb7
52.h4 h5 53.b5 Kb6 54.Kb4 a3 55.Kxa3 Kc5 56.Ka4 Kxd4 57.b6 Ne6 58.Kb5 Kd5
59.b7 Nd4+ 60.Kb6 Nc6  1-0

[Event "TCh-FIN 00-01"]
[Site "FIN"]
[Date "2000.10.21"]
[Round "3"]
[White "Sisatto,O"]
[Black "Tiitta,S"]
[Result "1/2-1/2"]
[WhiteElo "2205"]
[BlackElo "2230"]

1.d4 d5 2.c4 dxc4 3.e4 c5 4.Nf3 cxd4 5.Qxd4 Qxd4 6.Nxd4 Bd7 7.Bxc4 Nc6 8.Nxc6 Bxc6
9.Nc3 e6 10.Be3 Bb4 11.f3 Nf6 12.Kf2 a6 13.Rac1 Ke7 14.Rhd1 Rhd8 15.a3 Bxc3
16.bxc3 Rxd1 17.Rxd1 Rc8 18.Rb1 Bxe4 19.fxe4 Nxe4+ 20.Kf3 Rxc4 21.Rxb7+ Ke8
22.Rb8+ Kd7 23.Rb7+ Kc6 24.Rxf7 Nd6 25.Ra7 Rxc3 26.Rxa6+ Kd7 27.Ke2 e5 28.Ra7+ Kc6
29.Bd2 Rc2 30.Kd3 Ra2 31.Bb4 Nb7 32.Ra6+ Kd7 33.Rb6 Nd8 34.Rd6+ Ke8 35.Rd5 Nf7
36.g4 Rxh2 37.a4 Rh4 38.a5 Rxg4 39.Kc3 Nd8 40.Rxe5+ Kd7 41.Re7+ Kc8 42.Bd6 Rg6
43.Rc7+ Kb8 44.Rd7+ Kc8 45.Rc7+ Kb8 46.Rd7+  1/2-1/2

[Event "22nd Open"]
[Site "Arco ITA"]
[Date "2000.10.28"]
[Round "8"]
[White "Roos,M GER"]
[Black "Kleibaumhueter,K"]
[Result "1/2-1/2"]
[WhiteElo "2244"]
[BlackElo "2196"]

1.d4 d5 2.c4 dxc4 3.e4 c5 4.d5 Nf6 5.Nc3 b5 6.Bf4 Ba6 7.e5 b4 8.exf6 bxc3
9.bxc3 Nd7 10.Qa4 Qb6 11.fxe7 Bxe7 12.Bxc4 Bxc4 13.Qxc4 O-O 14.Rd1 Bd6 15.Bxd6 Qxd6
16.Ne2 Rfe8 17.O-O Nb6 18.Qd3 Qxd5 19.Qxd5  1/2-1/2

[Event "34th Olympiad"]
[Site "Istanbul TUR"]
[Date "2000.10.30"]
[Round "3"]
[White "Giorgadze,G"]
[Black "Sakalauskas,V"]
[Result "1/2-1/2"]
[WhiteElo "2599"]
[BlackElo "2420"]

1.d4 d5 2.c4 dxc4 3.e4 e5 4.Nf3 exd4 5.Bxc4 Nc6 6.O-O Be6 7.Bb5 Bc5 8.Nbd2 Ne7
9.Ng5 Qd7 10.Nxe6 Qxe6 11.Nb3 Qd6 12.Bf4 Qxf4 13.Nxc5 O-O 14.Rc1 a6 15.g3 Qh6
16.Be2 Rfd8 17.f4 d3 18.Nxd3 Nd4 19.Qe1 Qb6 20.Rf2 Nf3+ 21.Bxf3 Rxd3 22.Kg2 Rad8
23.Rc3 Nc6 24.Rxd3 Rxd3 25.e5 Nb4 26.Qe4 Rd8 27.Re2 g6 28.f5 gxf5 29.Qxf5 Qg6
30.Qf4 Nd5 31.Qh4 Rd7 32.Be4 Qg7 33.Bxh7+ Qxh7 34.Qg4+ Qg6 35.Qxd7 Nf4+ 36.Kf2 Nxe2
37.e6 Qf6+ 38.Kxe2 Qxb2+ 39.Kd3 Qb1+ 40.Kd4 Qb2+ 41.Ke4 Qe2+ 42.Kf5  1/2-1/2

[Event "34th Olympiad"]
[Site "Istanbul TUR"]
[Date "2000.10.31"]
[Round "4"]
[White "Michel Yunis,C"]
[Black "Nakamura,R"]
[Result "1-0"]
[WhiteElo "2380"]
[BlackElo "2127"]

1.d4 d5 2.c4 dxc4 3.e4 e5 4.Nf3 exd4 5.Qxd4 Qxd4 6.Nxd4 Nf6 7.Nc3 Bb4 8.f3 c6
9.Bxc4 O-O 10.Be3 Nbd7 11.a3 Ne5 12.Bxf7+ Kxf7 13.axb4 Nd3+ 14.Ke2 Nxb4 15.Ra4 Na6
16.e5 Nd5 17.Nxd5 cxd5 18.Rc1 Re8 19.f4 Bd7 20.Ra5 Rad8 21.Kf3 Bc8 22.Nb5 b6
23.Ra3 Bb7 24.Bd4  1-0

[Event "Chigorin Mem"]
[Site "St Petersburg RUS"]
[Date "2000.11.01"]
[Round "2"]
[White "Ustinov,M"]
[Black "Demina,J"]
[Result "1-0"]
[WhiteElo "2172"]
[BlackElo "2368"]

1.d4 d5 2.c4 dxc4 3.e4 Nf6 4.e5 Nd5 5.Bxc4 Nb6 6.Bb3 Nc6 7.Ne2 Bf5 8.Nbc3 e6
9.a3 Qd7 10.O-O O-O-O 11.Be3 h5 12.Ba2 h4 13.b4 f6 14.exf6 gxf6 15.f3 Kb8
16.Ne4 Qg7 17.Rf2 Nd5 18.Bxd5 Rxd5 19.Qb3 Rd7 20.b5 Ne7 21.Nc5 Rd6 22.Nc3 Nd5
23.N3e4 Rd8 24.a4 Rg8 25.a5 Nxe3 26.Qxe3 e5 27.dxe5 fxe5 28.Qb3 Bxc5 29.Nxc5 Bh3
30.Rc1 Rc8 31.Qd5 c6 32.Qd6+ Ka8 33.a6 b6 34.Ne6 Bxe6 35.Qxe6 Rge8 36.Rxc6 Rcd8
37.Rd6 Qc7 38.Qd5+ Kb8 39.Rd2 Rxd6 40.Qxd6 Qxd6 41.Rxd6 e4 42.fxe4 Rxe4 43.Rd8+ Kc7
44.Ra8 Kd6 45.Rxa7 Kc5 46.Rb7 Kxb5 47.a7 Ra4 48.Rc7 Kb4 49.g3 hxg3 50.h4 Ka3
51.h5  1-0

[Event "Chigorin Mem"]
[Site "St Petersburg RUS"]
[Date "2000.11.01"]
[Round "2"]
[White "Volkov,S"]
[Black "Drozdovskij,Y"]
[Result "1-0"]
[WhiteElo "2554"]
[BlackElo "2421"]

1.d4 d5 2.c4 dxc4 3.e4 Nf6 4.e5 Nd5 5.Bxc4 Nb6 6.Bd3 Nc6 7.Ne2 Bg4 8.f3 Be6
9.Nbc3 Bc4 10.Bxc4 Nxc4 11.Qb3 Nb6 12.e6 fxe6 13.Qxe6 Nxd4 14.Qe4 Nc6 15.Bg5 Qc8
16.O-O-O e5 17.Nd4 Bd6 18.Nxc6 bxc6 19.f4 O-O 20.fxe5 Re8 21.Bf4 Qe6 22.exd6 Qxe4
23.Nxe4 Rxe4 24.Bg3 cxd6 25.Rxd6 Rc8 26.Rf1 Re2 27.Rf2 Rxf2 28.Bxf2 Rc7 29.b3 Kf7
30.g4 Ke8 31.Bh4 Nd5 32.Kb2 Rc8 33.a3 Rc7 34.b4 Rb7 35.Rxc6 Nxb4 36.axb4 Rxb4+
37.Kc3 Rxg4 38.Bg3 a5 39.Be5 Kf8 40.Rc8+ Kf7 41.Rc7+ Kg8 42.Ra7 a4 43.Kd3 h6
44.Ke3 Rg5 45.Bf4 Rg4 46.Kf3 Rg6 47.Rxa4 Kh7 48.Ra7 Kg8 49.Be5 Kh7 50.Ke4 Rg4+
51.Kd5 Rg5 52.Ra3 Kg6 53.Ke6 Rg2 54.Ra7 Kh7 55.Kf7 Rg5 56.Re7 Kh8 57.Kf8 Rf5+
58.Ke8 Rg5 59.h4 Rg4 60.Kf8 h5 61.Rxg7 Rf4+ 62.Rf7+  1-0